Návrh zavedenia novej wellness služby vo vybranom podniku cestovného ruchu bakalárska práca

Salvato in:
Dettagli Bibliografici
Autore principale: Galko, Jozef
Ente Autore: Obchodná fakulta EU. Katedra služieb a cestovného ruchu - zrušené
Altri autori: Veszprémi Sirotková, Anna, 1966-
Natura: Libro
Lingua:slovacco
Pubblicazione: Bratislava 2022
Tags: Aggiungi Tag
Nessun Tag, puoi essere il primo ad aggiungerne!!

MARC

LEADER 00000nbm a2200000 4500
001 0285817
005 20221205131758.8
041 0 |a slo 
044 |a SK 
245 1 0 |a Návrh zavedenia novej wellness služby vo vybranom podniku cestovného ruchu  |b bakalárska práca  |c Jozef Galko ; školiteľ: Anna Veszprémi Sirotková 
264 1 |a Bratislava  |c 2022 
300 |a 61 s. 
100 1 |a Galko, Jozef 
700 1 |a Veszprémi Sirotková, Anna, 1966- 
710 2 |a Obchodná fakulta EU. Katedra služieb a cestovného ruchu - zrušené